[Event "Tokyo op"]
[Site "Tokyo"]
[Date "2018.10.08"]
[Round "5"]
[White "Ishii, Ichiro"]
[Black "Higashino, Tetsuo"]
[Result "0-1"]
[WhiteElo "1832"]
[BlackElo "2209"]
[PlyCount "52"]
[EventDate "2018.10.06"]
[EventType "swiss"]
[EventRounds "6"]
[EventCountry "JPN"]
[SourceTitle "CBM 187 Extra"]
[Source "ChessBase"]
[SourceDate "2018.11.04"]
[SourceVersion "1"]
[SourceVersionDate "2018.11.04"]
[SourceQuality "1"]

1. d4 Nf6 2. Bg5 Ne4 3. Bf4 c5 4. f3 Qa5+ 5. c3 Nf6 6. Nd2 cxd4 7. Nb3 Qd8 8. cxd4 d5 9. e3 e6 10. Ne2 Nc6 11. Nc3 Nh5 12. Bg3 Nxg3 13. hxg3 Bd7 14. Bd3 Rc8 15. Rc1 Na5 16. Nxa5 Qxa5 17. Kf2 Bd6 18. f4 g6 19. Qb3 Ke7 20. Rc2 b5 21. a3 h5 22. Rhc1 a6 23. e4 Qb6 24. Ke3 Qxd4+ 25. Ke2 Bc5 26. Nd1 dxe4 0-1

[Event "Tokyo Summer op"]
[Site "Tokyo"]
[Date "2018.07.15"]
[Round "1"]
[White "Ishii, Ichiro"]
[Black "Kobayashi, Atsuhiko"]
[Result "0-1"]
[WhiteElo "1844"]
[BlackElo "2258"]
[PlyCount "58"]
[EventDate "2018.07.15"]
[EventType "swiss"]
[EventRounds "6"]
[EventCountry "JPN"]
[SourceTitle "EXT 2019"]
[Source "ChessBase"]
[SourceDate "2018.10.10"]
[SourceVersion "1"]
[SourceVersionDate "2018.10.10"]
[SourceQuality "1"]

1. d4 e6 2. c4 Nf6 3. Nf3 a6 4. Nc3 d5 5. Bg5 dxc4 6. e4 b5 7. e5 h6 8. Bh4 g5 9. Nxg5 hxg5 10. Bxg5 Nbd7 11. Qf3 Rb8 12. exf6 Bb7 13. Qe3 Nb6 14. h4 b4 15. Ne4 Nd5 16. Qe2 c3 17. bxc3 bxc3 18. Qc2 Nb4 19. Qe2 Qxd4 20. f3 c2 21. Rc1 Rd8 22. Qc4 Qe5 23. Kf2 Bxe4 24. fxe4 Bc5+ 25. Kf3 Rd4 26. Qe2 Bd6 27. Rh3 Rxh4 28. Qe3 Rhxe4 29. Rh8+ Kd7 0-1

[Event "Saint Quentin op 4th"]
[Site "Saint Quentin"]
[Date "2001.04.16"]
[Round "3.28"]
[White "Ishii, Ichiro"]
[Black "Urtado, Olivier"]
[Result "1/2-1/2"]
[WhiteElo "2048"]
[BlackElo "1720"]
[PlyCount "104"]
[EventDate "2001.04.15"]
[EventType "swiss"]
[EventRounds "9"]
[EventCountry "FRA"]
[SourceTitle "EXT 2002"]
[Source "ChessBase"]
[SourceDate "2001.11.25"]
[SourceVersion "1"]
[SourceVersionDate "2001.11.25"]
[SourceQuality "1"]

1. d4 d6 2. e4 g6 3. Nc3 Bg7 4. Bc4 Nf6 5. Qe2 0-0 6. e5 Ng4 7. e6 Bxe6 8. Bxe6 Nxf2 9. Qxf2 fxe6 10. Nf3 Nc6 11. Be3 a6 12. 0-0 e5 13. Qd2 exd4 14. Nxd4 Nxd4 15. Bxd4 e5 16. Rxf8+ Bxf8 17. Be3 c6 18. Rf1 d5 19. Nd1 d4 20. Bg5 Qd5 21. a3 e4 22. Bf6 e3 23. Qd3 Bc5 24. Kh1 Re8 25. Re1 Re4 26. c3 Rg4 27. Qe2 Rf4 28. Bxd4 Bxd4 29. cxd4 Qxd4 30. Qxe3 Qxe3 31. Nxe3 Rf2 32. Nd1 Rd2 33. h3 Kf7 34. Kh2 c5 35. Kg3 b5 36. Kf3 b4 37. axb4 cxb4 38. g4 a5 39. Ke3 Rd5 40. Nf2 a4 41. Nd3 a3 42. bxa3 bxa3 43. Ra1 Ra5 44. Ra2 h5 45. Kd2 hxg4 46. hxg4 Kf6 47. Kc3 Ra4 48. Nf2 Rf4 49. Kd3 Rf3+ 50. Ke4 Rb3 51. Nd3 Kg5 52. Rg2 Rb6 1/2-1/2

[Event "Saint Quentin op 4th"]
[Site "Saint Quentin"]
[Date "2001.04.16"]
[Round "2.9"]
[White "Piot, Olivier"]
[Black "Ishii, Ichiro"]
[Result "1-0"]
[WhiteElo "2277"]
[BlackElo "2048"]
[PlyCount "45"]
[EventDate "2001.04.15"]
[EventType "swiss"]
[EventRounds "9"]
[EventCountry "FRA"]
[SourceTitle "EXT 2002"]
[Source "ChessBase"]
[SourceDate "2001.11.25"]
[SourceVersion "1"]
[SourceVersionDate "2001.11.25"]
[SourceQuality "1"]

1. d4 d5 2. c4 e6 3. Nc3 Nf6 4. Bg5 c6 5. cxd5 exd5 6. e3 Nbd7 7. Bd3 Be7 8. Qc2 0-0 9. Nge2 Re8 10. 0-0 Nf8 11. f3 h6 12. Bh4 Be6 13. Rad1 Rc8 14. Kh1 N6d7 15. Bg3 a6 16. e4 dxe4 17. fxe4 Bg4 18. Qb3 b5 19. Qxf7+ Kh8 20. e5 Nb6 21. Qf4 Bxe2 22. Nxe2 Nd5 23. Qe4 1-0

[Event "Avoine op 16th"]
[Site "Avoine"]
[Date "2001.??.??"]
[Round "4"]
[White "Ishii, Ichiro"]
[Black "Le Pape, Valery"]
[Result "0-1"]
[WhiteElo "2055"]
[BlackElo "1810"]
[PlyCount "62"]
[EventDate "2001.07.??"]
[EventType "swiss"]
[EventRounds "7"]
[EventCountry "FRA"]
[SourceTitle "EXT 2003"]
[Source "ChessBase"]
[SourceDate "2002.11.25"]
[SourceVersion "1"]
[SourceVersionDate "2002.11.25"]
[SourceQuality "1"]

1. d4 Nf6 2. Bg5 Ne4 3. Bf4 c5 4. Nd2 Nxd2 5. Qxd2 cxd4 6. Nf3 d6 7. e3 dxe3 8. Bxe3 Nc6 9. Bc4 e6 10. 0-0 Be7 11. Rad1 0-0 12. c3 Bd7 13. Bf4 d5 14. Bd3 Bf6 15. Rfe1 Re8 16. Bb1 Rc8 17. Ng5 h6 18. Bh7+ Kf8 19. Ne4 e5 20. Nxf6 Qxf6 21. Qxd5 exf4 22. Qxd7 g6 23. Qxb7 Kg7 24. Bxg6 Qxg6 25. f3 Rxe1+ 26. Rxe1 Rb8 27. Qa6 Rxb2 28. Re2 Rb1+ 29. Kf2 Qf6 30. Rc2 Qh4+ 31. Ke2 Qe7+ 0-1